novels by closing line - Statistics

General Stats
  • This quiz has been taken 58 times
  • The average score is 5 of 15
Answer Stats
closing line novel % Correct
He loved Big Brother. 1984
98%
Oh, my girls, however long you may live, I never can wish you a greater happiness than this. Little Women
65%
So we beat on, boats against the current, borne back ceaselessly into the past. The Great Gatsby
56%
After all, tomorrow is another day. Gone With the Wind
54%
It is a far, far better thing that I do, than I have ever done; it is a far, far better rest that I go to than I have ever known. A Tale of Two Cities
48%
I'm so glad to be at home again! The Wonderful Wizard of Oz
31%
But you, O my brothers, remember sometimes thy little Alex that was. Amen. And all that cal. A Clockwork Orange
29%
It's funny. Don’t ever tell anybody anything. If you do, you start missing everybody. The Catcher in the Rye
27%
He was soon borne away 
by the waves and lost in darkness and distance. Frankenstein
25%
"Meet Mrs Bundren," he says. As I Lay Dying
13%
Slowly, very slowly, like two unhurried compass needles, the feet turned towards the right; north, north-east, south-east, south, south-south-west; then paused, and, after a few seconds, turned as unhurriedly back towards the left. South-south-west, south, south-east, east ... Brave New World
13%
"Yes," I said. "Isn't it pretty to think so?" The Sun Also Rises
10%
The eyes and faces all turned themselves towards me, and guiding myself by them, as by a magical thread, I stepped into the room. The Bell Jar
8%
He turned away to give them time to pull themselves together; and waited, allowing his eyes to rest on the trim cruiser in the distance. Lord of the Flies
6%
Are there any questions? The Handmaid's Tale
2%
No matching quizzes found
Score Distribution
Percent of People with Each Score
Percentile by Number Answered
Your Score History
You have not taken this quiz